[Event "32. Staufer-Open A-Turnier"]
[Site "Schwäbisch Gmünd"]
[Date "2020.01.03"]
[Round "4.20"]
[White "Heimrath, Reiner"]
[Black "Krastev, Alexander"]
[Result "1-0"]
[WhiteElo "2206"]
[BlackElo "2333"]
[PlyCount "79"]
[EventDate "2020.??.??"]
[WhiteTeam "SC Noris-Tarrasch Nürnberg"]
[BlackTeam "Biebertaler SF"]

1. e4 c5 2. Nc3 g6 3. h4 Bg7 4. h5 Nc6 5. d3 e6 6. g3 d5 7. exd5 exd5 8. Bg2
Be6 9. Nge2 Nge7 10. Nf4 Qd7 11. Nxe6 Qxe6+ 12. Qe2 Nd4 13. Qxe6 fxe6 14. Kd1
O-O 15. f4 Nef5 16. hxg6 Nxg3 17. Rh3 Ngf5 18. Nxd5 hxg6 19. c3 Rfd8 20. Ne3
Nb5 21. Kc2 Nbd6 22. Bd2 Rab8 23. Re1 Re8 24. Ng4 Nf7 25. Be4 b5 26. Rg1 Rb6
27. Ne3 Nh8 28. Ng4 Nf7 29. Nh2 Nh8 30. Nf3 Re7 31. Nh4 Kf7 32. Be3 Rc7 33. Bf2
b4 34. c4 a5 35. Nf3 Kg8 36. Ne5 Bxe5 37. fxe5 Rb8 38. Bxf5 exf5 39. Rgh1 Nf7
40. e6 1-0

[Event "32. Staufer-Open A-Turnier"]
[Site "Schwäbisch Gmünd"]
[Date "2020.01.03"]
[Round "4.22"]
[White "Dahl, Christoph"]
[Black "Kölle, Tobias"]
[Result "1/2-1/2"]
[WhiteElo "2137"]
[BlackElo "2316"]
[PlyCount "66"]
[EventDate "2020.??.??"]
[WhiteTeam "SG Grün-Weiß Dresden"]
[BlackTeam "TSV Schönaich"]

1. e4 e5 2. Nf3 Nc6 3. d4 exd4 4. Nxd4 Bc5 5. Be3 Qf6 6. c3 Nge7 7. Bc4 Qg6 8.
O-O O-O 9. Nd2 d6 10. f4 d5 11. exd5 Nxd4 12. Bxd4 Bxd4+ 13. cxd4 Nf5 14. Rf2
Nxd4 15. Nb3 Nf5 16. Bd3 Qh6 17. Qc1 Qd6 {(=)} 18. Qc4 Bd7 19. Rc1 Rac8 20. Nc5
c6 21. Nxd7 Qxd7 22. Bxf5 Qxf5 23. d6 Rcd8 24. Qd4 a6 25. Rd1 Rd7 26. Re2 h6
27. Qe5 Qxe5 28. fxe5 Re8 29. Kf2 Re6 30. Kf3 {(=)} f6 31. a3 fxe5 32. Red2 g6
33. Ke4 Kg7 1/2-1/2

[Event "32. Staufer-Open A-Turnier"]
[Site "Schwäbisch Gmünd"]
[Date "2020.01.03"]
[Round "4.23"]
[White "Amtmann, Florian"]
[Black "Barzen, Pascal"]
[Result "0-1"]
[WhiteElo "2118"]
[BlackElo "2301"]
[PlyCount "92"]
[EventDate "2020.??.??"]
[WhiteTeam "Spvgg Stetten"]
[BlackTeam "SG Trier"]

1. e4 c5 2. d4 cxd4 3. c3 dxc3 4. Nxc3 e6 5. Nf3 a6 6. Bc4 b5 7. Bb3 Bb7 8. O-O
d6 9. Ng5 Be7 10. Nxe6 fxe6 11. Bxe6 Nf6 12. Be3 Nbd7 13. Qb3 Nxe4 14. Nxe4
Bxe4 15. Rfe1 Nf6 16. Bd4 Bg6 17. a4 Kf8 18. axb5 axb5 19. Qxb5 Bf7 20. Qc4
Rxa1 21. Rxa1 d5 22. Qc6 Be8 23. Qb7 Qd6 24. Ra6 Qf4 25. Be3 Qb4 26. Qxb4 Bxb4
27. Ra7 Be7 28. g4 h6 29. h4 Bf7 30. Ra8+ Ne8 31. Bd7 Bd6 32. Bf5 g6 33. Bd4
Rg8 34. Bd3 Ke7 35. Ra7+ Nc7 36. b4 Ra8 37. b5 Rxa7 38. Bxa7 Ne6 39. g5 hxg5
40. hxg5 Nxg5 41. Kg2 Ne6 42. Kf3 Nc5 43. Bb1 d4 44. b6 Bd5+ 45. Ke2 g5 46. f3
Kd7 0-1

[Event "32. Staufer-Open A-Turnier"]
[Site "Schwäbisch Gmünd"]
[Date "2020.01.03"]
[Round "4.24"]
[White "Siddharth, Jagadeesh"]
[Black "Hahn, Florian"]
[Result "1-0"]
[WhiteElo "2301"]
[BlackElo "2106"]
[PlyCount "47"]
[EventDate "2020.??.??"]
[BlackTeam "SC Herborn"]

1. d4 Nf6 2. c4 g6 3. Nc3 d5 4. cxd5 Nxd5 5. e4 Nxc3 6. bxc3 Bg7 7. Qa4+ Nd7 8.
Nf3 O-O 9. Be2 c5 10. O-O cxd4 11. cxd4 Nc5 12. dxc5 Bxa1 13. e5 Qc7 14. Qf4
Bc3 15. Be3 Qa5 16. Bc4 e6 17. Ng5 f6 18. Nxh7 Bxe5 19. Qh6 Qd8 20. Qxg6+ Kh8
21. Nxf8 Qxf8 22. Rd1 Qe7 23. Rd3 Bd7 24. Bc1 1-0

[Event "32. Staufer-Open A-Turnier"]
[Site "Schwäbisch Gmünd"]
[Date "2020.01.03"]
[Round "4.25"]
[White "Suvorov, Luca"]
[Black "Boder, Jan"]
[Result "1-0"]
[WhiteElo "2297"]
[BlackElo "2103"]
[PlyCount "79"]
[EventDate "2020.??.??"]
[WhiteTeam "SG Porz"]
[BlackTeam "SC ML Kastellaun"]

1. d4 Nf6 2. c4 c5 3. d5 b5 4. cxb5 a6 5. bxa6 g6 6. Nc3 Bg7 7. e4 O-O 8. Nf3
Qa5 9. Nd2 Bxa6 10. Bxa6 Qxa6 11. a4 e6 12. Nb5 exd5 13. Nc7 Qb7 14. Nxa8 dxe4
15. O-O d5 16. b4 Nfd7 17. Rb1 c4 18. f3 e3 {(=)} 19. Nxc4 dxc4 20. Bxe3 Qxa8
21. Bd4 Ne5 22. Bxe5 Bxe5 23. f4 Qa7+ 24. Kh1 Bd4 25. b5 Rd8 26. f5 c3 27. Qb3
g5 28. f6 Nd7 29. a5 Nc5 30. Qa2 Ne4 31. b6 Qd7 32. b7 Ba7 33. Rbe1 Qd4 34. Qe2
Re8 35. Qf3 c2 36. Qf5 h6 37. g3 Qd3 38. Qc8 Nf2+ 39. Rxf2 Qd5+ 40. Rg2 1-0

[Event "32. Staufer-Open A-Turnier"]
[Site "Schwäbisch Gmünd"]
[Date "2020.01.03"]
[Round "4.26"]
[White "Grill, Bernd"]
[Black "Welling, Gerard"]
[Result "1-0"]
[WhiteElo "2094"]
[BlackElo "2289"]
[PlyCount "113"]
[EventDate "2020.??.??"]
[WhiteTeam "SV Ebersbach"]

1. d4 e6 2. c4 f5 3. g3 Nf6 4. Bg2 Be7 5. Nf3 O-O 6. O-O d6 7. Nc3 Qe8 8. Re1
Qg6 9. e4 Nxe4 10. Nxe4 fxe4 11. Rxe4 Nc6 12. Qe2 Bf6 13. b3 e5 14. dxe5 Nxe5
15. Nxe5 dxe5 16. Bb2 Bf5 17. Re3 e4 18. Bxf6 Qxf6 19. Rf1 Qg6 20. Bxe4 Bxe4
21. Rxe4 Rfe8 22. Re1 Qxe4 23. Qxe4 Rxe4 24. Rxe4 Kf7 25. Kf1 a5 26. Ke2 c5 27.
a4 Ra6 28. Re5 Rc6 29. f4 g6 30. g4 h6 31. h4 Kf6 32. Rd5 Re6+ 33. Kf3 Rb6 34.
Rd3 Re6 35. g5+ hxg5 36. hxg5+ Ke7 37. f5 gxf5 38. Kf4 Rb6 39. Kxf5 Kf7 40.
Rd7+ Ke8 41. Rc7 Rxb3 42. g6 Kf8 43. Rxc5 b6 44. Rc8+ Kg7 45. Rc7+ Kg8 46. Rb7
Rc3 47. Kf6 Rf3+ 48. Ke5 Re3+ 49. Kd5 Rd3+ 50. Kc6 Rc3 51. Kxb6 Rxc4 52. Kxa5
Re4 53. Kb5 Re5+ 54. Ka6 Rg5 55. Rb6 Kg7 56. a5 Kg8 57. Rc6 1-0

[Event "32. Staufer-Open A-Turnier"]
[Site "Schwäbisch Gmünd"]
[Date "2020.01.03"]
[Round "4.28"]
[White "Braun, Michael"]
[Black "Browning, Alex"]
[Result "0-1"]
[WhiteElo "2066"]
[BlackElo "2280"]
[PlyCount "86"]
[EventDate "2020.??.??"]
[WhiteTeam "SG Büchenbach/Roth"]
[BlackTeam "SVG Plettenberg"]

1. d4 Nf6 2. c4 g6 3. Nc3 Bg7 4. e4 d6 5. Be2 O-O 6. Be3 c5 7. e5 dxe5 8. dxe5
Qxd1+ 9. Rxd1 Ng4 10. Bxc5 Nc6 11. Nd5 Ngxe5 12. b3 Bf5 13. Nf3 Nxf3+ 14. Bxf3
Rac8 15. O-O Rfe8 16. Ne3 Be6 17. Ba3 b6 18. Rd2 Bc3 19. Rd3 Bf6 20. Bd5 Bxd5
21. Nxd5 Bg7 22. f4 e6 23. Nb4 Nd4 24. Rf2 Red8 25. Kf1 b5 26. cxb5 Nxb5 27.
Bb2 Bxb2 28. Rxb2 Rc1+ 29. Kf2 Rdc8 30. Rdd2 Nc3 31. Kf3 a5 32. Nd3 Rf1+ 33.
Rf2 Rxf2+ 34. Nxf2 Nd5 35. g3 h5 36. Ne4 Kf8 37. Nd6 Rc1 38. Nb7 a4 39. bxa4
Rc3+ 40. Kf2 Ra3 41. Nc5 Nc3 42. Nd7+ Ke8 43. Ne5 Nd1+ 0-1

[Event "32. Staufer-Open A-Turnier"]
[Site "Schwäbisch Gmünd"]
[Date "2020.01.03"]
[Round "4.29"]
[White "Schulz, Karsten"]
[Black "Wachsmann, Dietmar"]
[Result "1-0"]
[WhiteElo "2268"]
[BlackElo "2032"]
[PlyCount "117"]
[EventDate "2020.??.??"]
[WhiteTeam "SF Schwerin"]
[BlackTeam "SC Groß-Umstadt"]

1. Nf3 Nf6 2. g3 d5 3. Bg2 e6 4. O-O Be7 5. c4 O-O 6. b3 c5 7. Bb2 Nc6 8. e3 b6
9. Nc3 Bb7 10. cxd5 Nxd5 11. Nxd5 Qxd5 12. d4 Rac8 13. Ne5 Qd8 14. dxc5 Nxe5
15. Bxb7 Rxc5 16. Qxd8 Rxd8 17. Rfd1 Nd3 18. Ba3 Rc7 19. Bxe7 Rxe7 20. Ba6 Red7
21. Rxd3 Rxd3 22. Bxd3 Rxd3 23. Rc1 g5 24. Rc7 a5 25. Rc6 b5 26. Ra6 a4 27.
bxa4 b4 28. Rb6 Ra3 29. Rxb4 Rxa2 30. g4 Kg7 31. Kg2 Kg6 32. Kg3 h5 33. gxh5+
Kxh5 34. h4 gxh4+ 35. Rxh4+ Kg5 36. Rb4 f5 37. Rb6 e5 38. Ra6 f4+ 39. Kf3 fxe3
40. fxe3 Kf5 41. Ra8 e4+ 42. Kg3 Re2 {(=)} 43. Ra5+ Ke6 44. Kf4 Rb2 45. Kxe4
Rb4+ 46. Kf3 Rc4 47. Ra8 Kd6 48. e4 Kc7 49. Kf4 Kb7 50. Rd8 Rxa4 51. Kf5 Kc7
52. Rd1 Ra2 53. e5 Rf2+ 54. Ke6 Rf3 55. Ke7 Rf2 56. Rc1+ Kb7 57. e6 Rf3 58. Ke8
Rf2 59. Rc4 1-0

[Event "32. Staufer-Open A-Turnier"]
[Site "Schwäbisch Gmünd"]
[Date "2020.01.03"]
[Round "4.30"]
[White "Stockmann, Till"]
[Black "Pallas, Sebastian"]
[Result "0-1"]
[WhiteElo "1894"]
[BlackElo "2268"]
[PlyCount "50"]
[EventDate "2020.??.??"]
[WhiteTeam "Schachzwerge Magdeburg"]
[BlackTeam "SG 1871 Löberitz"]

1. e4 c5 2. Nf3 Nc6 3. d4 cxd4 4. Nxd4 g6 5. c4 Bg7 6. Be3 Nf6 7. Nc3 O-O 8.
Be2 d6 9. O-O Bd7 10. Qd2 Rc8 11. Rfc1 Ne5 12. b3 Neg4 13. Bxg4 Nxg4 14. Bg5 h6
15. Bh4 Qa5 16. Bxe7 Qe5 17. Bxf8 Qxh2+ 18. Kf1 Rxf8 19. Nf3 Qh1+ 20. Ng1 Nh2+
21. Ke2 Qxg2 22. Kd3 f5 23. f3 fxe4+ 24. fxe4 Rf2 25. Qe3 Ng4 0-1

[Event "32. Staufer-Open A-Turnier"]
[Site "Schwäbisch Gmünd"]
[Date "2020.01.03"]
[Round "4.31"]
[White "Richter, Nils"]
[Black "Lipinsky, Markus"]
[Result "1-0"]
[WhiteElo "2257"]
[BlackElo "2006"]
[PlyCount "49"]
[EventDate "2020.??.??"]
[WhiteTeam "TSV Schönaich"]
[BlackTeam "SK Tarrasch München"]

1. e4 c5 2. Nf3 e6 3. d4 cxd4 4. Nxd4 a6 5. Bd3 Nf6 6. O-O Qc7 7. Qe2 d6 8. f4
Nbd7 9. c4 g6 10. f5 e5 11. Nb3 Bg7 12. Nc3 O-O 13. g4 gxf5 14. exf5 Ne8 15.
Nd5 Qd8 16. g5 f6 17. g6 hxg6 18. fxg6 f5 19. Bxf5 Ndf6 20. Bg5 Bxf5 21. Rxf5
Qd7 22. Raf1 Nxd5 23. Rxf8+ Bxf8 24. cxd5 Qh3 25. Rxf8+ 1-0

[Event "32. Staufer-Open A-Turnier"]
[Site "Schwäbisch Gmünd"]
[Date "2020.01.03"]
[Round "4.32"]
[White "Lagunow, Raphael"]
[Black "Leser, Stefan"]
[Result "1-0"]
[WhiteElo "2422"]
[BlackElo "1799"]
[PlyCount "55"]
[EventDate "2020.??.??"]
[WhiteTeam "SK Zehlendorf"]
[BlackTeam "SV Weingarten"]

1. e4 c5 2. Nf3 g6 3. d4 cxd4 4. Nxd4 Nc6 5. c4 Nf6 6. Nc3 d6 7. Be2 Nxd4 8.
Qxd4 Bg7 9. Be3 O-O 10. Qd2 a5 11. O-O a4 12. Rab1 Qa5 13. f3 Be6 14. Rfc1 Rfd8
15. b4 axb3 16. axb3 Rdc8 17. b4 Qd8 18. Nb5 Ne8 19. Na7 Rcb8 20. b5 Bd7 21. b6
Bc6 22. c5 Qd7 23. cxd6 Nxd6 24. Nxc6 bxc6 25. f4 e5 26. Bc5 Rd8 27. Rd1 Qe6
28. Bxd6 1-0

[Event "32. Staufer-Open A-Turnier"]
[Site "Schwäbisch Gmünd"]
[Date "2020.01.03"]
[Round "4.33"]
[White "Burmakin, Vladimir"]
[Black "Klaric, Zoran"]
[Result "1-0"]
[WhiteElo "2519"]
[BlackElo "2118"]
[PlyCount "95"]
[EventDate "2020.??.??"]
[WhiteTeam "SF 90 Spraitbach"]
[BlackTeam "SF Pfullingen"]

1. d4 Nf6 2. Nf3 g6 3. Bf4 Bg7 4. e3 d6 5. Be2 O-O 6. O-O Nbd7 7. h3 b6 8. a4
a6 9. Bh2 Bb7 10. Re1 c5 11. c3 Rc8 12. Bd3 c4 13. Bc2 Ne4 14. Nbd2 Ndf6 15.
Qb1 d5 16. Nf1 Nd6 17. N3d2 Nfe4 18. Nxe4 Nxe4 19. f3 Nd6 20. e4 dxe4 21. fxe4
e5 22. dxe5 Ne8 23. Qd1 Qe7 24. Qd4 Rc5 25. Ne3 Qe6 26. Rad1 f5 27. exf5 gxf5
28. Qd7 Bc8 29. Qxe6+ Bxe6 30. Nf1 f4 31. Nd2 f3 32. Nxf3 Bxh3 33. Ng5 Bf5 34.
Bxf5 Rxf5 35. Ne6 Rc8 36. Nxg7 Nxg7 37. Rd6 b5 38. a5 Ra8 39. e6 Ne8 40. Rb6 h5
41. Be5 Kh7 42. Bd4 Kg6 43. Re3 Rd5 44. Rf3 Rd6 45. Rf8 Rxb6 46. axb6 Rb8 47.
Be5 Rxb6 48. Rxe8 1-0

[Event "32. Staufer-Open A-Turnier"]
[Site "Schwäbisch Gmünd"]
[Date "2020.01.03"]
[Round "4.35"]
[White "Das, Soham"]
[Black "Gutkin, Ilya"]
[Result "1-0"]
[WhiteElo "2355"]
[BlackElo "2115"]
[PlyCount "41"]
[EventDate "2020.??.??"]
[WhiteTeam "SK Tarrasch München"]
[BlackTeam "Krefelder SK Turm"]

1. e4 c5 2. Nf3 e6 3. d3 d5 4. Qe2 Nf6 5. g3 Nc6 6. Bg2 g6 7. Bg5 h6 8. exd5
Nb4 9. Bxf6 Qxf6 10. Nc3 Be7 11. dxe6 Bxe6 12. O-O O-O-O 13. Rfe1 h5 14. Ne5
Rhe8 15. Qe4 Nd5 16. Qa4 a6 17. Bxd5 Bd6 18. Qf4 Qxf4 19. Bxe6+ Rxe6 20. gxf4
g5 21. Nxf7 1-0

[Event "32. Staufer-Open A-Turnier"]
[Site "Schwäbisch Gmünd"]
[Date "2020.01.03"]
[Round "4.37"]
[White "Schulze, Lara"]
[Black "Irkilmez, Yakub"]
[Result "1/2-1/2"]
[WhiteElo "2320"]
[BlackElo "2081"]
[PlyCount "50"]
[EventDate "2020.??.??"]
[WhiteTeam "SK Lehrte"]
[BlackTeam "SF Essen-Katernberg"]

1. e4 e6 2. d4 d5 3. Nd2 Nf6 4. e5 Nfd7 5. Bd3 c5 6. c3 b5 7. Bxb5 Qb6 8. Qa4
a6 9. Bd3 a5 10. Ne2 Ba6 11. Bxa6 Qxa6 12. Nf3 Nc6 13. O-O Be7 14. Ng3 O-O 15.
Be3 Rab8 16. Rab1 Rfc8 17. dxc5 Bxc5 18. Bxc5 Nxc5 19. Qg4 Qc4 20. Qg5 h6 21.
Qe3 a4 22. Rfd1 Na5 23. Nh5 Qg4 24. Ng3 Qc4 25. Nh5 Qg4 1/2-1/2

[Event "32. Staufer-Open A-Turnier"]
[Site "Schwäbisch Gmünd"]
[Date "2020.01.03"]
[Round "4.40"]
[White "Zwahr, Paul"]
[Black "Baur, Frank"]
[Result "1-0"]
[WhiteElo "2284"]
[BlackElo "2058"]
[PlyCount "69"]
[EventDate "2020.??.??"]
[WhiteTeam "SG Grün-Weiß Dresden"]
[BlackTeam "SF Mengen"]

1. e4 d6 2. d4 Nf6 3. Nc3 Nbd7 4. g4 h6 5. h3 e5 6. Nge2 b5 7. Bg2 Bb7 8. Qd3
a6 9. O-O Be7 10. a3 c5 11. d5 c4 12. Qg3 g5 13. Be3 Rg8 14. f3 h5 15. Qe1 h4
16. Qd2 Nh7 17. b4 cxb3 18. cxb3 f6 19. Nc1 Nhf8 20. Nd3 Nc5 21. Nc1 Ng6 22.
Rd1 Kf7 23. b4 Nd7 24. Nb3 Nb6 25. Na5 Qc7 26. Rac1 Nc4 27. Nxc4 bxc4 28. Na4
Qd7 29. Nb6 Qd8 30. Nxa8 Qxa8 31. Rxc4 Nf4 32. Bf1 Rc8 33. Rdc1 Rxc4 34. Rxc4
Bd8 35. Qc2 1-0

[Event "32. Staufer-Open A-Turnier"]
[Site "Schwäbisch Gmünd"]
[Date "2020.01.04"]
[Round "5.2"]
[White "Vorobiov, Evgeny E"]
[Black "Pap, Misa"]
[Result "1/2-1/2"]
[WhiteElo "2535"]
[BlackElo "2427"]
[PlyCount "27"]
[EventDate "2020.??.??"]
[WhiteTeam "SF 90 Spraitbach"]
[BlackTeam "SF Augsburg"]

1. c4 e5 2. Nc3 Nc6 3. Nf3 f5 4. g3 g6 5. d3 Bg7 6. Bg2 Nf6 7. Rb1 O-O 8. O-O
d6 9. Bg5 h6 10. Bxf6 Bxf6 11. Nd5 Bg7 12. b4 a6 13. a4 Ne7 14. Nd2 1/2-1/2

[Event "32. Staufer-Open A-Turnier"]
[Site "Schwäbisch Gmünd"]
[Date "2020.01.04"]
[Round "5.3"]
[White "Vogel, Roven"]
[Black "Chittka, Julius"]
[Result "0-1"]
[WhiteElo "2465"]
[BlackElo "2304"]
[PlyCount "120"]
[EventDate "2020.??.??"]
[WhiteTeam "USV TU Dresden"]
[BlackTeam "SF Düsseldorf-Süd"]

1. d4 Nf6 2. Nf3 g6 3. Nbd2 c5 4. dxc5 Qa5 5. a3 Qxc5 6. b4 Qc7 7. Bb2 Bg7 8.
e3 O-O 9. c4 b6 10. Be2 Bb7 11. O-O d6 12. Rc1 Nbd7 13. Ne1 Rac8 14. Bf3 Bxf3
15. Nexf3 Qb7 16. Qb3 Rc7 17. e4 Nxe4 18. Nxe4 Qxe4 19. Rfe1 Qf4 20. g3 Qh6 21.
Bxg7 Kxg7 22. Qb2+ Nf6 23. Kg2 Kg8 24. Rcd1 Qg7 25. Rd4 Rfc8 26. Qd2 Qf8 27.
Qa2 Qd8 28. g4 Qf8 29. g5 Nh5 30. Nd2 Qg7 31. Nf3 Qf8 32. Nd2 Ng7 33. h4 Qd8
34. Qb3 Qd7 35. Nf1 b5 36. c5 Nf5 37. Rde4 dxc5 38. bxc5 Rxc5 39. Ng3 Rc3 40.
Qb4 Nxg3 41. fxg3 Qd3 42. R4e3 Rc2+ 43. Kg1 Qf5 44. R3e2 Rxe2 45. Rxe2 Qf3 46.
Rg2 Rc1+ 47. Kh2 Qf1 48. g4 Re1 49. Qd4 Rd1 50. Qe3 a5 51. h5 gxh5 52. gxh5
Qh1+ 53. Kg3 Qxh5 54. Rh2 Qg6 55. Qxe7 Rd3+ 56. Kf2 Rd5 57. Rg2 Qf5+ 58. Kg1
Rd1+ 59. Kh2 Qf4+ 60. Rg3 Rd3 0-1

[Event "32. Staufer-Open A-Turnier"]
[Site "Schwäbisch Gmünd"]
[Date "2020.01.04"]
[Round "5.5"]
[White "Siddharth, Jagadeesh"]
[Black "Iniyan, Panneer Selvam"]
[Result "0-1"]
[WhiteElo "2301"]
[BlackElo "2494"]
[PlyCount "160"]
[EventDate "2020.??.??"]

1. d4 Nf6 2. c4 c5 3. Nf3 cxd4 4. Nxd4 b6 5. Nc3 Bb7 6. f3 a6 7. e4 e6 8. Be2
Qc7 9. Be3 Be7 10. O-O d6 11. a4 O-O 12. a5 bxa5 13. Qa4 Bd8 14. Nb3 Nc6 15.
Rfd1 Qe7 16. c5 d5 17. Bf4 Bc7 18. Bxc7 Qxc7 19. exd5 exd5 20. Nd4 Rfb8 21. Bf1
Nxd4 22. Qxd4 Bc6 23. Ne2 Rb4 24. Qd2 Bb5 25. g3 Bc4 26. Nd4 Qxc5 27. Kh1 Qb6
28. Nf5 Rxb2 29. Qg5 Ne8 30. Re1 Qf6 31. Qe3 h6 32. Bxc4 dxc4 33. Rxa5 Nd6 34.
Qf4 Nxf5 35. Rxf5 Qc3 36. Rc1 Qd2 37. Qxd2 Rxd2 38. Rxc4 Rb8 39. Rc1 Rbb2 40.
h4 Rh2+ 41. Kg1 Rbg2+ 42. Kf1 Rf2+ 43. Kg1 f6 44. g4 Rfg2+ 45. Kf1 Ra2 46. Kg1
Rxh4 47. Rc6 Rhh2 48. Rxa6 Rag2+ 49. Kf1 Kh7 50. Ra7 Rb2 51. Kg1 Rhc2 52. Ra1
Rg2+ 53. Kh1 Rh2+ 54. Kg1 Kg6 55. Re1 Rhg2+ 56. Kh1 Rgf2 57. Kg1 h5 58. Rxh5
Rxf3 59. Kh1 Rf4 60. Rg1 Rbb4 61. Rh4 Kf7 62. Kh2 g5 63. Rh7+ Kg6 64. Rd7 Rxg4
65. Ra1 Rb2+ 66. Kh3 Rgb4 67. Ra3 R4b3+ 68. Rd3 Rxd3+ 69. Rxd3 f5 70. Rd8 Rb3+
71. Kg2 f4 72. Rf8 Kh5 73. Rg8 Kg4 74. Rg7 Rb2+ 75. Kg1 Kh4 76. Rg8 g4 77. Rd8
Kg3 78. Rd3+ f3 79. Rd1 Rg2+ 80. Kh1 Rh2+ 0-1

[Event "32. Staufer-Open A-Turnier"]
[Site "Schwäbisch Gmünd"]
[Date "2020.01.02"]
[Round "2.6"]
[White "Suvorov, Alexander"]
[Black "Yankelevich, Lev"]
[Result "0-1"]
[WhiteElo "2267"]
[BlackElo "2483"]
[PlyCount "66"]
[EventDate "2020.??.??"]
[WhiteTeam "SG Porz"]
[BlackTeam "SG Speyer-Schwegenheim"]

{[%evp 0,90,30,25,30,15,58,54,35,32,41,35,38,33,54,73,87,35,86,51,111,77,93,47,
56,7,8,-37,40,-38,-61,-54,-36,-80,-106,-39,-71,-72,-9,-24,-63,-63,-63,-63,-40,
-58,14,-67,-8,-19,67,59,83,12,83,104,104,122,114,93,169,216,245,252,170,199,
169,204,200,173,205,177,177,185,177,172,169,169,238,174,189,189,200,195,217,
230,226,171,193,187,232,242,266]} 1. d4 Nf6 2. c4 e6 3. Nc3 Bb4 4. e3 O-O 5.
Nge2 c6 6. a3 Ba5 7. Qc2 d5 8. Ng3 Nbd7 9. Be2 e5 10. O-O e4 11. cxd5 cxd5 12.
Bd2 h5 13. Rfc1 h4 14. Nf1 a6 15. Na4 Bxd2 16. Nxd2 Ne8 17. Qb3 Qg5 18. Nb6
Nxb6 19. Qxb6 Bh3 20. g3 hxg3 21. hxg3 Rd8 22. Rc5 Nd6 23. Bf1 Bxf1 24. Nxf1 g6
25. Qb3 Nf5 26. Rxd5 Rde8 27. Qd1 Kg7 28. Nd2 Rh8 29. Qf1 Qg4 30. Qg2 Rh3 31.
Re5 Rxe5 32. dxe5 Nxg3 33. f3 Qh4 0-1

[Event "32. Staufer-Open A-Turnier"]
[Site "Schwäbisch Gmünd"]
[Date "2020.01.04"]
[Round "5.7"]
[White "Browning, Alex"]
[Black "Krassowizkij, Jaroslaw"]
[Result "0-1"]
[WhiteElo "2280"]
[BlackElo "2462"]
[PlyCount "94"]
[EventDate "2020.??.??"]
[WhiteTeam "SVG Plettenberg"]
[BlackTeam "TSV Schönaich"]

1. Nf3 c5 2. c4 Nc6 3. g3 g6 4. Bg2 Bg7 5. O-O d6 6. Nc3 Bf5 7. d3 Qd7 8. Rb1
Bh3 9. Re1 Bxg2 10. Kxg2 Nh6 11. e4 Ng4 12. h3 Nge5 13. Be3 Nxf3 14. Qxf3 O-O
15. Qe2 f5 16. Qd2 Nd4 17. f4 fxe4 18. dxe4 Qc6 19. Qd3 Kh8 20. Rf1 a6 21. b4 {
(=)} b5 22. bxc5 dxc5 23. Rfd1 e6 24. a3 Rad8 25. Bf2 Qa8 26. Qf1 g5 27. cxb5
axb5 28. Bxd4 cxd4 29. Nxb5 gxf4 30. Qd3 fxg3 31. Rf1 Be5 32. Rbc1 Rc8 33. Rxc8
Qxc8 34. Nd6 Bxd6 35. Qxd4+ e5 36. Qxd6 Qc2+ 37. Kxg3 Rxf1 38. Qxe5+ Kg8 39.
Qg5+ Kf7 40. Qd5+ Kg7 41. Qg5+ Kf7 42. Qd5+ Kf6 43. Qd6+ {(=)} Kg7 44. Qe7+ Kg6
45. Qe8+ Rf7 46. Qe6+ Rf6 47. Qg4+ Kh6 0-1

[Event "32. Staufer-Open A-Turnier"]
[Site "Schwäbisch Gmünd"]
[Date "2020.01.04"]
[Round "5.8"]
[White "Buckels, Valentin"]
[Black "Schulz, Karsten"]
[Result "1-0"]
[WhiteElo "2459"]
[BlackElo "2268"]
[PlyCount "49"]
[EventDate "2020.??.??"]
[WhiteTeam "SV Mülheim-Nord"]
[BlackTeam "SF Schwerin"]

1. d4 Nf6 2. Bf4 c5 3. d5 d6 4. Nc3 a6 5. a4 e5 6. Bd2 g6 7. e4 Bg7 8. Be2 h5
9. h3 Bh6 10. Bxh6 Rxh6 11. Qd2 Rh8 12. Nf3 Kf8 13. O-O Kg7 14. Ng5 Nbd7 15. f4
exf4 16. Rxf4 Qe7 17. Raf1 b6 18. e5 Qxe5 19. Nce4 Re8 20. Nxf6 Nxf6 21. Rxf6
Qxe2 22. Rxf7+ Kg8 23. Qxe2 Rxe2 24. Rf8+ Kg7 25. R1f7+ 1-0

[Event "32. Staufer-Open A-Turnier"]
[Site "Schwäbisch Gmünd"]
[Date "2020.01.04"]
[Round "5.9"]
[White "Velicka, Petr"]
[Black "Suvorov, Alexander"]
[Result "1/2-1/2"]
[WhiteElo "2424"]
[BlackElo "2267"]
[PlyCount "75"]
[EventDate "2020.??.??"]
[WhiteTeam "SG Schwäbisch Gmünd"]
[BlackTeam "SG Porz"]

1. Nf3 d5 2. d4 e6 3. g3 Nf6 4. c4 dxc4 5. Bg2 Nc6 6. Qa4 Bb4+ 7. Bd2 Nd5 8.
Qb5 Bxd2+ 9. Nbxd2 c3 10. bxc3 Nxc3 11. Qd3 Nd5 12. O-O O-O 13. Ne4 h6 14. Rfc1
Bd7 15. Nc5 Rb8 16. Rab1 Na5 17. Nxd7 Qxd7 18. Ne5 Qd8 19. Bxd5 exd5 20. Rc5 b6
21. Rxa5 bxa5 22. Rxb8 Qxb8 23. Nd7 Qb4 24. Nxf8 Kxf8 25. a3 Qb6 26. e3 g6 27.
Qc2 Kg7 28. Kg2 c6 29. Qc3 Kg8 30. Kf3 Qb5 31. Qc5 Qxc5 32. dxc5 Kg7 33. e4
dxe4+ 34. Kxe4 Kf6 35. a4 Ke6 36. f4 h5 37. h3 f5+ 38. Kd4 1/2-1/2

[Event "32. Staufer-Open A-Turnier"]
[Site "Schwäbisch Gmünd"]
[Date "2020.01.04"]
[Round "5.10"]
[White "Baltic, Fatih"]
[Black "Skembris, Spyridon"]
[Result "1/2-1/2"]
[WhiteElo "2286"]
[BlackElo "2415"]
[PlyCount "38"]
[EventDate "2020.??.??"]
[WhiteTeam "SV Mülheim-Nord"]
[BlackTeam "SC Grunbach"]

1. e4 c5 2. Nf3 Nc6 3. Bb5 g6 4. Bxc6 dxc6 5. d3 Bg7 6. h3 Nf6 7. O-O O-O 8.
Nc3 Re8 9. Be3 {(=)} Nd7 10. Qd2 e5 11. Nh2 b6 12. Rae1 Nf8 13. f4 exf4 14.
Bxf4 c4 15. Bh6 cxd3 16. Bxg7 Kxg7 17. cxd3 f6 18. d4 Ne6 19. d5 Ng5 1/2-1/2

[Event "32. Staufer-Open A-Turnier"]
[Site "Schwäbisch Gmünd"]
[Date "2020.01.04"]
[Round "5.11"]
[White "Pallas, Sebastian"]
[Black "Baskin, Robert"]
[Result "1-0"]
[WhiteElo "2268"]
[BlackElo "2406"]
[PlyCount "53"]
[EventDate "2020.??.??"]
[WhiteTeam "SG 1871 Löberitz"]
[BlackTeam "Wiesbadener SV"]

1. e4 c6 2. d4 d5 3. Nc3 dxe4 4. Nxe4 Nd7 5. Ng5 Ngf6 6. Bd3 e6 7. N1f3 Bd6 8.
Qe2 h6 9. Ne4 Nxe4 10. Qxe4 Qc7 11. O-O b6 12. Qg4 Kf8 13. b3 Bb7 14. Bb2 Nf6
15. Qh4 Nd5 16. Rfe1 g5 17. Qe4 Nf4 18. Bf1 c5 19. Qe3 Rg8 20. dxc5 Bxc5 21.
Bd4 g4 22. Bxc5+ Qxc5 23. Qxf4 gxf3 24. Rxe6 fxg2 25. Bc4 Rg7 26. Rxh6 Rc8 27.
Re1 1-0

[Event "32. Staufer-Open A-Turnier"]
[Site "Schwäbisch Gmünd"]
[Date "2020.01.04"]
[Round "5.12"]
[White "Nguyen, Alex Dac-Vuong"]
[Black "Richter, Nils"]
[Result "1/2-1/2"]
[WhiteElo "2401"]
[BlackElo "2257"]
[PlyCount "44"]
[EventDate "2020.??.??"]
[WhiteTeam "SG Leipzig"]
[BlackTeam "TSV Schönaich"]

1. c4 e5 2. Nc3 Nf6 3. g3 Nc6 4. Bg2 Bb4 5. Nd5 Bc5 6. e3 O-O 7. Ne2 Nxd5 8.
cxd5 Ne7 9. O-O c6 10. Nc3 d6 11. a3 cxd5 12. Nxd5 Be6 13. Nxe7+ Qxe7 14. b4
Bb6 15. Bb2 f5 16. Qe2 Qf7 17. f4 e4 18. Rfc1 Rfc8 19. Bf1 Bd8 20. d3 d5 21. d4
g5 22. Rc5 b6 1/2-1/2

[Event "32. Staufer-Open A-Turnier"]
[Site "Schwäbisch Gmünd"]
[Date "2020.01.04"]
[Round "5.13"]
[White "Gschnitzer, Adrian"]
[Black "Sieber, Fiona"]
[Result "1-0"]
[WhiteElo "2388"]
[BlackElo "2245"]
[PlyCount "125"]
[EventDate "2020.??.??"]
[WhiteTeam "SV Walldorf"]
[BlackTeam "SG Aufbau Elbe Magdeburg"]

1. d4 Nf6 2. c4 g6 3. Nc3 d5 4. Nf3 Bg7 5. h4 c6 6. Bg5 Bf5 7. Bxf6 Bxf6 8.
cxd5 cxd5 9. Qb3 Nc6 10. e3 O-O 11. Be2 e6 12. h5 Rb8 13. Rc1 a6 14. hxg6 fxg6
15. Nd2 g5 16. O-O Bg7 17. Na4 g4 18. g3 Qg5 19. Kg2 Bxd4 20. Nc5 Rf7 21. Nxe6
Bxe6 22. Rxc6 Bd7 23. Rc7 Qh6 24. Rxd7 Qh3+ 25. Kg1 Rxd7 26. exd4 Re8 27. Bd3
Re3 28. Rc1 Rf7 29. Bxh7+ Rxh7 30. Qxd5+ Kf8 31. Qd6+ Ree7 32. Rc8+ Kf7 33.
Qd5+ Kg6 34. Rg8+ Rhg7 35. Rxg7+ Kxg7 36. Qg5+ Kf7 37. Qf5+ Kg7 38. Qg5+ Kf7
39. Ne4 Qh8 40. Qf5+ Kg8 41. Qc8+ Kh7 42. Qxg4 Qg7 43. Qh4+ Kg8 44. d5 Rf7 45.
d6 Qd4 46. d7 Rxd7 47. Nf6+ Kg7 48. Nxd7 Qxd7 49. Qe4 b5 50. Kg2 Qf7 51. a3 Qb3
52. Qd4+ Kh7 53. g4 a5 54. Qc3 Qd5+ 55. Qf3 Qd4 56. b3 Kg7 57. g5 Qc5 58. Qf6+
Kg8 59. a4 Qd5+ 60. Qf3 Qe5 61. Qa8+ Kh7 62. Qb7+ Kg6 63. Qc6+ 1-0